Top 10 UK Universities 2018 - Statistics

General Stats
  • This quiz has been taken 78 times
  • The average score is 7 of 10
Answer Stats
Hint Answer % Correct
1 University of Oxford
100%
2 University of Cambridge
97%
8 University of Manchester
74%
6 University of Edinburgh
69%
5 London School of Economics
66%
4 University College London
64%
9 University of Bristol
61%
3 Imperial College
57%
10 University of Glasgow
43%
7 Kings College
35%
No matching quizzes found
Score Distribution
Percent of People with Each Score
Percentile by Number Answered
Your Score History
You have not taken this quiz